Athletes That Have Won An Olympic Gold Medal - Sudden Death - Statistics

General Stats
  • This quiz has been taken 55 times
  • The average score is 7 of 18
Answers on the Grid
Answers color-coded by a green-red scale on the quiz's grid according to % correct below.
Alex Ovechkin
Babe Ruth
Cristiano Ronaldo
Diego Maradona
Don Bradman
Jesse Owens
Jim Thorpe
Joey Chestnut
John Cena
Katie Ledecky
Kobe Bryant
Kurt Angle
Lance Armstrong
LeBron James
Lionel Messi
Michael Jordan
Michael Phelps
Michael Schumacher
Mike Tyson
Muhammad Ali
Noah Lyles
Novak Djokovic
Rafael Nadal
Ronda Rousey
Serena Williams
Shaun White
Shohei Ohtani
Simone Biles
Terry Fox
Tiger Woods
Tom Brady
Tony Hawk
Usain Bolt
Venus Williams
Wayne Gretzky
Wilt Chamberlain
 
Answer Stats
Answer % Correct
Michael Phelps
65%
Usain Bolt
65%
Simone Biles
60%
LeBron James
58%
Jesse Owens
56%
Katie Ledecky
56%
Kobe Bryant
53%
Serena Williams
44%
Michael Jordan
40%
Novak Djokovic
37%
Noah Lyles
33%
Shaun White
30%
Rafael Nadal
28%
Muhammad Ali
21%
Venus Williams
21%
Jim Thorpe
19%
Lionel Messi
19%
Kurt Angle
14%
No matching quizzes found
Score Distribution
Percent of People with Each Score
Percentile by Number Answered
Your Score History
You have not taken this quiz